01438 a2200181 4500003000500000005001700005040000900022082001500031100002100046245003900067260002000106300001000126505093600136650001601072942002401088999001901112952012501131Nust20230131130030.0 cNust a808.83,MEL aLander E9108222 aTypee Herman Melville / cE Lander aLondonbCollins a366:p aThe Sea (Page-1), Passage from the Cruising Ground to the Marquesas (Page-9), Some Account of the Late Operation of the French at The Marquesas (Page-18), State of Affairs Aboard the Ship (Page-23), Swimming in Company With Girls of The Valley (Page-173), Reflection After Marnoos Departure (Page-191), History of a Day as Usually Spent in the Type Valley (Page-200), The Spring of Aria Wai (Page-206), Preparation for a Grand Festival in the Valley (Page-211), The Feast of Calabashes (Page-219), Ideas Suggested by the Feast of Calabashes (Page-228), general Information Gathered at the Festival (Page-244), King Mehevi (Page-255), The Social Condition (Page-272), Fishing Parties (Page-281), Natural History of the Valley (Page-286), A Professor of the Fine Art (Page-295), Strange Custom of the Islanders (Page-307), Apprehensions of Evil (Page-314), The Stranger Again Arrives in the Valley (Page-327), The Escape (Page-334). aNovel92525 2ddccBKk808.83,MEL c186390d186390 00102ddc4070aMCSbMCScGENd2016-12-12o808.83,MELpMCS29898r2016-12-08w2016-12-12yBKzAlmirah No. 57, Shelf No.1